National Parks By Picture #1 - Statistics

General Stats
  • This quiz has been taken 16 times
  • The average score is 6 of 12
Answer Stats
Picture Hint Answer % Correct
United States Yellowstone
100%
Tanzania Serengeti
93%
Canada Banff
87%
United States Arches
67%
Indonesia Komodo
67%
South Africa Kruger
67%
Turkey Göreme
53%
New Zealand Fjordland
47%
Croatia Plitvice Lakes
27%
Chile Torres Del Paine
27%
Iceland Vatnajökull
7%
China Zhangjiajie
7%
No matching quizzes found
Score Distribution
Percent of People with Each Score
Percentile by Number Answered
Your Score History
You have not taken this quiz